Statystyki dla Najtrudniejszy Quiz (Stolice Świata)

Kliknij tutaj aby rozwiązać quiz!

Ogólne statystyki

  • Ten quiz został rozwiązany 23 razy
  • Średni wynik to 64 z 182

Statystyki odpowiedzi

PaństwoStolica% Poprawnych
HolandiaAmsterdam
100%
AndoraAndora
100%
NiemcyBerlin
100%
BelgiaBruksela
100%
IrlandiaDublin
100%
UkrainaKijów
100%
PortugaliaLizbona
100%
Wielka BrytaniaLondyn
100%
LuksemburgLuksemburg
100%
HiszpaniaMadryt
100%
MonakoMonako
100%
RosjaMoskwa
100%
NorwegiaOslo
100%
FrancjaParyż
100%
CzechyPraga
100%
IslandiaReykjavík
100%
WłochyRzym
100%
San marinoSan marino
100%
SzwecjaSztokholm
100%
PolskaWarszawa
100%
WatykanWatykan
100%
SzwajcariaBerno
94%
SłowacjaBratysława
94%
WęgryBudapeszt
94%
RumuniaBukareszt
94%
FinlandiaHelsinki
94%
MołdawiaKiszyniów
94%
SłoweniaLublana
94%
BiałoruśMińsk
94%
ŁotwaRyga
94%
EstoniaTallinn
94%
AustriaWiedeń
94%
LitwaWilno
94%
LiechtensteinVaduz
89%
SerbiaBelgrad
83%
Bośnia i
Hercegowina
Sarajewo
67%
BułgariaSofia
61%
JaponiaTokio
61%
DaniaKopenhaga
56%
ChinyPekin
56%
Korea PołudniowaSeul
56%
MaltaValletta
56%
MeksykMeksyk
50%
IndieNowe Delhi
50%
Korea PółnocnaPjongjang
50%
CzarnogóraPodgorica
50%
Macedonia
Północna
Skopje
50%
MongoliaUłan bator
50%
USAWaszyngton
50%
TurcjaAnkara
44%
KazachstanAstana
44%
PeruLima
44%
KosowoPrisztina
44%
GruzjaTbilisi
44%
AlgieriaAlgier
39%
ArgentynaBuenos Aires
39%
IzraelJerozolima
39%
EgiptKair
39%
CyprNikozja
39%
KanadaOttawa
39%
AlbaniaTirana
39%
TunezjaTunis
39%
MadagaskarAntananarywa
33%
AzerbejdżanBaku
33%
TajlandiaBangkok
33%
BrazyliaBrasilia
33%
SenegalDakar
33%
ArmeniaErywań
33%
KubaHawana
33%
UrugwajMontevideo
33%
MarokoRabat
33%
ChileSantiago
33%
SingapurSingapur
33%
IrakBagdad
28%
KolumbiaBogota
28%
SyriaDamaszek
28%
BangladeszDhaka
28%
IndonezjaDżakarta
28%
WietnamHanoi
28%
AfganistanKabul
28%
MalezjaKuala Lumpur
28%
KuwejtKuwejt
28%
KeniaNairobi
28%
PanamaPanama
28%
BoliwiaSucre / La paz
28%
IranTeheran
28%
Zjed. Emir. Arab.Abu Zabi
22%
JordaniaAmman
22%
LibanBejrut
22%
PakistanIslamabad
22%
Rep. Poł. AfrykiKapsztad / Pretoria / Bloemfontein
22%
Sri lankaSri Dźajawardanapura Kotte
22%
LibiaTrypolis
22%
NigeriaAbudża
17%
EtiopiaAddis Abeba
17%
GhanaAkra
17%
ParagwajAsunción
17%
TurkmenistanAszchabad
17%
KirgistanBiszkek
17%
WenezuelaCaracas
17%
KatarDoha
17%
DżibutiDżibuti
17%
NepalKatmandu
17%
JamajkaKingston
17%
Dem. Rep. KongaKinszasa
17%
MalediwyMalé
17%
NigerNiamey
17%
EkwadorQuito
17%
Arabia SaudyjskaRijad
17%
SalwadorSan Salvador
17%
TajwanTajpej
17%
UzbekistanTaszkent
17%
LaosWientian
17%
ErytreaAsmara
11%
GruzjaAteny
11%
BelizeBelmopan
11%
Gwinea BissauBissau
11%
Timor WschodniDili
11%
TadżykistanDuszanbe
11%
Sudan południowyDżuba
11%
Sierra leoneFreetown
11%
GwatemalaGwatemala
11%
RwandaKigali
11%
TogoLomé
11%
NikaraguaManagua
11%
BahrajnManama
11%
SomaliaMogadiszu
11%
MjanmaNaypyidaw
11%
CzadNdżamena
11%
HaitiPort-au-Prince
11%
KostarykaSan José
11%
DominikanaSanto Domingo
11%
Wyspy św. Tomasza
i Książęca
São Tomé
11%
SeszeleVictoria
11%
Burkina FasoWagadugu
11%
MaliBamako
6%
BruneiBandar seri Begawan
6%
GambiaBandżul
6%
Rep. środ. Afr.Bangi
6%
KongoBrazzaville
6%
BarbadosBridgetown
6%
St LuciaCastries
6%
SudanChartum
6%
TanzaniaDodoma
6%
BotswanaGaborone
6%
GujanaGeorgetown
6%
BurundiGitega
6%
ZimbabweHarare
6%
Wybrz. Kośći Sł.Jamusukro
6%
KamerunJaunde
6%
UgandaKampala
6%
St Vincent i
Grenadyny
Kingstown
6%
GwineaKonakry
6%
GabonLibreville
6%
MalawiLilongwe
6%
AngolaLuanda
6%
ZambiaLusaka
6%
Gwinea RównikowaMalabo
6%
MozambikMaputo
6%
OmanMaskat
6%
EswatiniMbabane
6%
KomoryMoroni
6%
BahamyNassau
6%
MauretaniaNawakszut
6%
SurinamParamaribo
6%
KambodżaPhnom Penh
6%
MauritiusPort Louis
6%
Trynidad i TobagoPort-of-Spain
6%
BeninPorto-novo
6%
Rep.Ziel.Przyl.Praia
6%
DominikaRoseau
6%
GrenadaSaint George's
6%
Antigua i BarbudaSaint John's
6%
JemenSana
6%
HondurasTegucigalpa
6%
BhutanThimphu
6%
NamibiaWindhuk
6%
St Kitts i NevisBaseterre
0%
LesothoMaserau
0%
LiberiaMonorovia
0%
PalestynaRamallah
0%
ChorwacjaZabrze
0%

Rozkład punktacji

Percentyl według liczby udzielonych odpowiedzi

Procent ludzi z każdym wynikiem

Twoja historia wyników

Nie rozwiązałeś tego quizu